[Event "SR 2. liga A 2002/2003"]
[Site "?"]
[Date "2002.10.12"]
[Round "1.8"]
[White "Diviak, Rastislav"]
[Black "Bukovsky, Milan"]
[Result "0-1"]
[WhiteElo "1824"]
[BlackElo "2056"]
[PlyCount "102"]
[EventDate "2002.??.??"]

1. e4 e5 2. Nf3 Nc6 3. Bb5 Nf6 4. O-O Bc5 5. Qe2 d6 6. h3 Bd7 7. c3 O-O 8. d3
h6 9. Be3 Bb6 10. Bxb6 axb6 11. d4 Qe7 12. Nbd2 exd4 13. cxd4 Rfe8 14. Rfe1 Nb4
15. Bxd7 Qxd7 16. Qc4 c5 17. a3 Nc6 18. Rad1 d5 19. exd5 Na5 20. Qc2 Qxd5 21.
dxc5 Qxc5 22. Qd3 Nc6 23. Nb3 Rxe1+ 24. Rxe1 Qd5 25. Qxd5 Nxd5 26. Nbd4 Kf8 27.
Nb5 Nf4 28. Rd1 Rd8 29. Rxd8+ Nxd8 30. Ne5 Ke7 31. Nc4 Kd7 32. Ne5+ Ke6 33. Nc4
Kd5 34. Ne3+ Kc5 35. Nc3 b5 36. b4+ Kc6 37. Nf5 Nde6 38. f3 Nd5 39. Nxd5 Kxd5
40. Ne7+ Kc4 41. Nf5 Kb3 42. Nd6 Kxa3 43. Nxb5+ Kxb4 44. Nd6 b5 45. Nxf7 Kc3
46. Nd6 b4 47. Ne4+ Kd3 48. Nd6 b3 49. Nb5 b2 50. Na3 Nd4 51. Kf1 Nb5 0-1

[Event "SR 2. liga A 2002/2003"]
[Site "?"]
[Date "2002.10.12"]
[Round "1.8"]
[White "Pobjecky, Ivan"]
[Black "Peska, Juraj"]
[Result "0-1"]
[WhiteElo "2005"]
[BlackElo "1597"]
[PlyCount "102"]
[EventDate "2002.??.??"]

1. e4 e5 2. Nf3 Nc6 3. Bb5 a6 4. Ba4 Nf6 5. Qe2 d6 6. h3 Bd7 7. O-O Be7 8. c3
O-O 9. Rd1 Re8 10. Bb3 Bf8 11. d3 h6 12. Nbd2 Qe7 13. Nf1 g6 14. Ng3 Bg7 15.
Be3 Rad8 16. Re1 Be6 17. Bc2 d5 18. d4 dxe4 19. Nxe5 Nxe5 20. dxe5 Nd7 21. Bxe4
Nxe5 22. Bxb7 Bc4 23. Qc2 c6 24. f4 Nd3 25. Bxc6 Nxe1 26. Rxe1 Rf8 27. Qa4 Bb5
28. Bxb5 axb5 29. Qxb5 Rb8 30. Qe2 Qb7 31. Bc1 Qa7+ 32. Kh1 Qxa2 33. f5 Qd5 34.
Qf2 Qc6 35. Rf1 Rfe8 36. Qc2 Qd5 37. Qf2 Rbd8 38. Qc2 Qd6 39. Ne4 Qe5 40. fxg6
fxg6 41. Nd2 Qd6 42. Nf3 Qd3 43. Qb3+ Kh7 44. Rg1 Re2 45. Qf7 Rf8 46. Qb7 Re4
47. Nh2 Rfe8 48. Nf3 Re2 49. Bf4 R8e7 50. Qb6 Rf7 51. Qd6 Qe4 0-1

[Event "SR 2. liga A 2002/2003"]
[Site "?"]
[Date "2002.10.12"]
[Round "1.8"]
[White "Rathousky, Karol"]
[Black "Palka, Miroslav"]
[Result "0-1"]
[WhiteElo "1852"]
[BlackElo "2012"]
[PlyCount "68"]
[EventDate "2002.??.??"]

1. d4 d5 2. Nf3 Nf6 3. g3 Bg4 4. Bg2 e6 5. Nbd2 c5 6. c3 Nc6 7. O-O Qb6 8. Qa4
Bd6 9. Re1 O-O 10. e4 dxe4 11. Nxe4 Nxe4 12. Rxe4 Bf5 13. dxc5 Bxc5 14. Re2
Rad8 15. Bg5 f6 16. b4 Bxf2+ 17. Rxf2 fxg5 18. Rd1 Bd3 19. Qb3 Ne5 20. Nd4 Rxf2
21. Kxf2 Bc4 22. Qa4 Ng4+ 23. Kg1 e5 24. b5 Qc5 25. Bf3 Nf6 26. b6 axb6 27. Rc1
b5 28. Qa5 b6 29. Qa7 exd4 30. Re1 dxc3+ 31. Kg2 g4 32. Ba8 Rd2+ 33. Kh1 Bd5+
34. Re4 Rd1+ 0-1

[Event "SR 2. liga A 2002/2003"]
[Site "?"]
[Date "2002.10.13"]
[Round "2.1"]
[White "Bury, Rastislav"]
[Black "Banas, Jan"]
[Result "0-1"]
[WhiteElo "1984"]
[BlackElo "2365"]
[PlyCount "38"]
[EventDate "2002.??.??"]

1. d4 Nf6 2. c4 g6 3. Nc3 d5 4. Bg5 $2 Ne4 5. Bh4 Nxc3 6. bxc3 dxc4 7. Qa4+ c6
8. Qxc4 Bg7 9. e3 Qa5 10. Bd3 Na6 11. Qb3 Nc5 12. Qc2 Nxd3+ 13. Qxd3 e5 14. Ne2
exd4 15. exd4 O-O 16. O-O Re8 17. Rfe1 Be6 18. Qc2 $2 Bc4 19. Kf1 $2 Re6 0-1

[Event "SR 2. liga A 2002/2003"]
[Site "?"]
[Date "2002.10.13"]
[Round "2.1"]
[White "Duriga, Stefan"]
[Black "Harasta, Vladimir"]
[Result "1-0"]
[WhiteElo "2221"]
[BlackElo "2190"]
[PlyCount "133"]
[EventDate "2002.??.??"]

1. d4 d5 2. Nf3 c6 3. e3 Bf5 4. Bd3 Bg6 5. O-O Nf6 6. b3 e6 7. Bb2 Nbd7 8. c4
Bxd3 9. Qxd3 Ne4 10. Nfd2 f5 11. cxd5 cxd5 12. f3 Nxd2 13. Nxd2 Bb4 14. a3 Bxd2
15. Qxd2 O-O 16. Rac1 Rc8 17. Rxc8 Qxc8 18. a4 Nf6 19. Ba3 Rd8 20. Qa5 Qb8 21.
Rc1 Rd7 22. Qc5 Kf7 23. Bb4 b6 24. Qc6 Qb7 25. Qxb7 Rxb7 26. Bd6 Ne8 27. Be5
Ke7 28. Kf2 Kd7 29. h4 h5 30. Kg3 a5 31. Kf4 b5 32. Rc5 bxa4 33. bxa4 Rb2 34.
g3 Nd6 35. Bxd6 Kxd6 36. Rxa5 Rb3 37. Ra7 Ra3 38. Rxg7 Rxa4 39. Rg6 Ra3 40. Rh6
Ra4 41. Rxh5 e5+ 42. Kxf5 exd4 43. exd4 Rxd4 44. Rh6+ Kc5 45. g4 Rd1 46. h5 d4
47. f4 d3 48. Rh8 Kd4 49. h6 d2 50. g5 Rh1 51. Rd8+ Ke3 52. Rxd2 Kxd2 53. Kg6
Ke3 54. f5 Kf4 55. f6 Rg1 56. h7 Rxg5+ 57. Kh6 Kf5 58. h8=Q Rg6+ 59. Kh5 Rxf6
60. Qh7+ Ke6 61. Qe4+ Kf7 62. Kg5 Re6 63. Qb7+ Re7 64. Qd5+ Kg7 65. Qf5 Kg8 66.
Kh6 Re8 67. Qg6+ 1-0

[Event "SR 2. liga A 2002/2003"]
[Site "?"]
[Date "2002.10.13"]
[Round "2.1"]
[White "Kleman, Miroslav"]
[Black "Bezuch, Martin"]
[Result "1-0"]
[WhiteElo "2210"]
[BlackElo "2241"]
[PlyCount "93"]
[EventDate "2002.??.??"]

1. Nf3 Nf6 2. b3 e6 3. Bb2 c5 4. g3 d5 5. d3 Nbd7 6. Bg2 Bd6 7. Nbd2 O-O 8. O-O
Qc7 9. e4 b6 10. Qe2 Ne8 11. c4 Bb7 12. Rad1 d4 13. Nh4 Be7 14. f4 a6 15. Nhf3
b5 16. Bc1 Nd6 17. e5 Nf5 18. Ne4 Rae8 19. g4 Nh6 20. Bh3 bxc4 21. bxc4 f6 22.
exf6 gxf6 23. g5 Nf5 24. Qg2 Kh8 25. Qg4 Rg8 26. Qh5 Ref8 27. Bg4 Rg6 28. Bxf5
exf5 29. Nh4 Rfg8 30. Nxg6+ Rxg6 31. Ng3 Qc6 32. Rf2 fxg5 33. fxg5 Ne5 34. Bf4
Ng4 35. Rdf1 Nxf2 36. Rxf2 Re6 37. Re2 Rg6 38. h4 Bf8 39. Rf2 Be7 40. Qe2 Re6
41. Qd2 Bd6 42. Bxd6 Re3 43. Kf1 Qxd6 44. Nxf5 Qe5 45. Nxe3 Qg3 46. Nd5 Qh3+
47. Ke1 1-0

[Event "SR 2. liga A 2002/2003"]
[Site "?"]
[Date "2002.10.13"]
[Round "2.1"]
[White "Matulik, Daniel"]
[Black "Drtina, Milan"]
[Result "0-1"]
[WhiteElo "2161"]
[BlackElo "2277"]
[PlyCount "96"]
[EventDate "2002.??.??"]

1. d4 Nf6 2. c4 g6 3. Nc3 Bg7 4. e4 d6 5. Nf3 c5 6. d5 O-O 7. Bd3 e5 8. a3 Ne8
9. h3 f5 10. Bd2 f4 11. Qc2 g5 12. Be2 h6 13. O-O-O Nd7 14. g3 a6 15. Rdg1 fxg3
16. Rxg3 Ndf6 17. Ne1 Bd7 18. h4 gxh4 19. Rxh4 Nxd5 20. Rxh6 Nf4 21. Qd1 Rf6
22. Rh2 Bc6 23. Ng2 Nc7 24. Ne3 Bd7 25. Ned5 Ncxd5 26. Nxd5 Ba4 27. b3 Be8 28.
Nxf6+ Qxf6 29. Bg4 Bc6 30. Bf5 b5 31. Qg4 bxc4 32. bxc4 Rb8 33. Rh7 Rb7 34.
Rxg7+ Rxg7 35. Qxg7+ Qxg7 36. Rxg7+ Kxg7 37. Bxf4 exf4 38. Kd2 Kf6 39. Ke2 Ke5
40. Kf3 Ba4 41. Bc8 a5 42. Bb7 Bd1+ 43. Kg2 Kd4 44. Bd5 Be2 45. Kh3 Bxc4 46.
Bc6 Bd3 47. f3 Be2 48. Kg4 Ke3 0-1

[Event "SR 2. liga A 2002/2003"]
[Site "?"]
[Date "2002.10.13"]
[Round "2.1"]
[White "Meszaros, Michal"]
[Black "Cvicela, Anton"]
[Result "0-1"]
[WhiteElo "2327"]
[BlackElo "2156"]
[PlyCount "132"]
[EventDate "2002.??.??"]

1. e4 c5 2. Nf3 Nf6 3. e5 Nd5 4. Nc3 e6 5. Nxd5 exd5 6. d4 Nc6 7. dxc5 Bxc5 8.
Qxd5 Qb6 9. Bc4 Bxf2+ 10. Ke2 O-O 11. Rf1 Bc5 12. Ng5 Nd4+ 13. Kd1 Ne6 14. Ne4
d6 15. exd6 Rd8 16. Bf4 Nxf4 17. Rxf4 Bxd6 18. Qxf7+ Kh8 19. Nxd6 Qxd6+ 20. Bd3
Be6 21. Qh5 g6 22. Qf3 Rf8 23. Rxf8+ Rxf8 24. Qe2 Bg4 25. Qxg4 Rf1+ 26. Ke2
Rxa1 27. Qc8+ Kg7 28. Qxb7+ Kh6 29. Qxa7 Qxh2 30. Qe3+ Kg7 31. Qe7+ Kh6 32.
Qf8+ Kg5 33. Qe7+ Kh6 34. Qe3+ Kg7 35. Qd4+ Kh6 36. Be4 Qh1 37. Qd2+ Kg7 38.
Qd7+ Kf6 39. Qd4+ Kg5 40. Qe3+ Kf6 41. Kd3 Qd1+ 42. Kc3 Rxa2 43. Qf3+ Qxf3+ 44.
Bxf3 h5 45. b4 Ke5 46. Kb3 Ra1 47. Kc4 Ra3 48. c3 h4 49. b5 Kd6 50. Kd4 g5 51.
b6 Rb3 52. b7 Kc7 53. Bd5 Ra3 54. Bf3 Ra5 55. Ke3 Rc5 56. Kd4 Rf5 57. Ke3 Rf4
58. Bd5 Ra4 59. c4 Ra3+ 60. Kf2 g4 61. Kf1 Rc3 62. Kf2 Kb8 63. Ke2 Rg3 64. Kf2
Rd3 65. Ke2 Rc3 66. Kf2 Rc2+ {zbytok partie sa hral v obojstrannej casovej
tiesni a ani jeden zo superov ho nezapisal} 0-1

[Event "SR 2. liga A 2002/2003"]
[Site "?"]
[Date "2002.10.13"]
[Round "2.1"]
[White "Tepper, Frantisek"]
[Black "Krajnak, Robert"]
[Result "1-0"]
[WhiteElo "2175"]
[BlackElo "2215"]
[PlyCount "71"]
[EventDate "2002.??.??"]

1. e4 c5 2. Nc3 Nc6 3. g3 e6 4. Bg2 Nf6 5. f4 d6 6. Nf3 Be7 7. O-O O-O 8. h3
Rb8 9. d3 b5 10. g4 b4 11. Ne2 Nd7 12. g5 Re8 13. h4 Bf8 14. Ng3 a5 15. h5 Ba6
16. Nh4 c4 17. Be3 cxd3 18. cxd3 Nc5 19. d4 Bxf1 20. Bxf1 Nd7 21. Qg4 d5 22. e5
g6 23. Bd3 Ne7 24. f5 exf5 25. Ngxf5 Nxf5 26. Nxf5 Rb6 27. Rf1 Bg7 28. Qf3 gxf5
29. Qxf5 Nf8 30. Qxf7+ Kh8 31. h6 Bxh6 32. gxh6 Rb7 33. Qxb7 Nd7 34. Rf7 Rg8+
35. Kf1 Qh4 36. Rxh7# 1-0

[Event "SR 2. liga A 2002/2003"]
[Site "?"]
[Date "2002.10.13"]
[Round "2.2"]
[White "Horak, Ivan"]
[Black "Petreje, Juraj"]
[Result "0-1"]
[WhiteElo "2198"]
[BlackElo "2180"]
[PlyCount "86"]
[EventDate "2002.??.??"]

1. e4 c5 2. Nc3 e6 3. f4 Qc7 4. g3 Nc6 5. Bg2 a6 6. Nf3 Be7 7. O-O d6 8. d3 Nf6
9. a4 O-O 10. Kh1 Rb8 11. Qe1 b5 12. axb5 axb5 13. Be3 d5 14. Bg1 Rd8 15. e5
Nd7 16. g4 Nb6 17. Nxb5 Qd7 18. Nc3 d4 19. Ne4 Nd5 20. Qc1 Ncb4 21. b3 Bb7 22.
f5 f6 23. exf6 Nxf6 24. Nfg5 exf5 25. gxf5 Ra8 26. Rxa8 Rxa8 27. Nxf6+ Bxf6 28.
Ne4 Ra2 29. Qf4 Bxe4 30. dxe4 Qe8 31. c3 dxc3 32. Bxc5 Nd3 33. Qd6 Nxc5 34.
Qxc5 h6 35. Qc4+ Kh8 36. b4 Rb2 37. e5 $2 Qxe5 38. Ra1 Kh7 39. Qg4 Bg5 40. Qf3
$2 (40. f6 $1) 40... c2 $17 41. f6 Rb1+ 42. Bf1 Qxf6 43. Qd3+ Qg6 0-1

[Event "SR 2. liga A 2002/2003"]
[Site "?"]
[Date "2002.10.13"]
[Round "2.2"]
[White "Jablonicky, Frantisek"]
[Black "Kundrik, Peter"]
[Result "0-1"]
[WhiteElo "2234"]
[BlackElo "2139"]
[PlyCount "135"]
[EventDate "2002.??.??"]

1. Nf3 Nf6 2. d4 g6 3. c4 Bg7 4. g3 d6 5. Bg2 O-O 6. O-O Nbd7 7. Nc3 e5 8. h3
a5 9. e4 Re8 10. Be3 exd4 11. Nxd4 Nc5 12. Qc2 a4 13. Rad1 Qe7 14. f3 c6 15.
Rfe1 Qc7 16. f4 Qa5 17. Bf2 Nh5 18. Kh2 h6 19. Bf3 Nd7 20. Nde2 Bf8 21. Rg1 Ng7
22. h4 h5 23. Bd4 a3 24. b3 Ne6 25. Bf2 Nf6 26. Qd2 Nc5 27. b4 Qxb4 28. e5 dxe5
29. fxe5 Nfd7 30. Bxc5 Bxc5 31. Rgf1 Rxe5 32. Nf4 Be3 33. Qd3 Qe7 34. Ne4 Bxf4
35. gxf4 Qxh4+ 36. Kg2 Qxf4 37. Rde1 Nf8 38. Bxh5 Qh4 39. Nf6+ Qxf6 40. Rxf6
Rxe1 41. Kf2 Re6 42. Rxe6 Bxe6 43. Bf3 Nd7 44. Qb3 Ra7 45. Qb4 Ne5 46. Qd6 Nd7
47. Qc7 Ra4 48. Qxb7 Rxc4 49. Bd1 Kg7 50. Qa7 Rh4 51. Bb3 Bxb3 52. axb3 a2 53.
Kg3 Rh1 54. Qxa2 Ne5 55. Kf4 f6 56. Qa7+ Kh6 57. Qb8 Rf1+ 58. Ke4 Kg5 59. Qa7
Rf4+ 60. Ke3 Rf3+ 61. Ke4 Rxb3 62. Qg1+ Kh6 63. Qc1+ Kg7 64. Qc2 Rb4+ 65. Ke3
Rb6 66. Qc5 Rb3+ 67. Ke4 Kf7 68. Qb4 0-1

[Event "SR 2. liga A 2002/2003"]
[Site "?"]
[Date "2002.10.13"]
[Round "2.2"]
[White "Kantorik, Marian"]
[Black "Chovanec, Vladimir"]
[Result "1-0"]
[WhiteElo "2364"]
[BlackElo "2057"]
[PlyCount "67"]
[EventDate "2002.??.??"]

1. d4 Nf6 2. c4 g6 3. Nc3 Bg7 4. e4 d6 5. f4 c5 6. d5 O-O 7. Nf3 Na6 8. Bd3 e6
9. O-O exd5 10. cxd5 Nc7 11. a4 Re8 12. Re1 Rb8 13. Bc4 Bg4 14. h3 Bxf3 15.
Qxf3 Nd7 16. Bd2 Nb6 17. Bf1 Nc8 18. Kh1 a6 19. Nd1 b5 20. Bc3 Nb6 21. axb5
Nxb5 22. Bxg7 Kxg7 23. Nc3 Nd4 24. Qf2 a5 25. Nb5 Nb3 26. Rad1 Qf6 27. Qe3 a4
28. e5 dxe5 29. fxe5 Qh4 30. e6 Nxd5 $2 31. Rxd5 Rxe6 32. Qc3+ Nd4 33. Rxe6
fxe6 34. Rxc5 1-0

[Event "SR 2. liga A 2002/2003"]
[Site "?"]
[Date "2002.10.13"]
[Round "2.2"]
[White "Lahucky, Pavol"]
[Black "Machalova, Maria"]
[Result "0-1"]
[WhiteElo "2165"]
[BlackElo "2134"]
[PlyCount "78"]
[EventDate "2002.??.??"]

1. c4 e5 2. Nc3 Nc6 3. e4 Bc5 4. d3 d6 5. Nf3 a5 6. Bg5 Nge7 7. Qd2 h6 8. Be3
Nd4 9. Be2 Ng6 10. O-O-O c6 11. Rdf1 a4 12. Bd1 a3 13. b3 Qa5 14. Bxd4 exd4 15.
Ne2 Bb4 16. Qc2 c5 17. Nd2 Bd7 18. f4 O-O-O 19. f5 Ne5 20. Nf4 Bc6 21. h3 Rde8
22. Nd5 Bxd5 23. cxd5 Nd7 24. Nf3 Bc3 25. g4 Nb8 26. Nd2 b5 27. e5 Bxd2+ 28.
Qxd2 Qxd2+ 29. Kxd2 Rxe5 30. Bf3 Na6 31. Be4 Nb4 32. Rf4 Nxa2 33. Ra1 Nc3 34.
b4 cxb4 35. Kc2 Rhe8 36. Kb3 Nxe4 37. dxe4 Rxe4 38. Rxe4 Rxe4 39. Kxb4 Re3 0-1

[Event "SR 2. liga A 2002/2003"]
[Site "?"]
[Date "2002.10.13"]
[Round "2.2"]
[White "Michal, Silvio"]
[Black "Dorica, Igor"]
[Result "1-0"]
[WhiteElo "2168"]
[BlackElo "2263"]
[PlyCount "68"]
[EventDate "2002.??.??"]

1. c4 g6 2. d4 Nf6 3. Nc3 Bg7 4. e4 d6 5. Be2 O-O 6. f4 c5 7. d5 e6 8. dxe6
Bxe6 9. Nf3 Nc6 10. O-O a6 11. Kh1 Re8 12. Be3 Bg4 13. Nd2 Qd7 14. Bg1 Bxe2 15.
Qxe2 Nxe4 16. Ndxe4 f5 17. Qf3 fxe4 18. Nxe4 Re7 19. Rad1 Nd4 20. Bxd4 cxd4 21.
Ng5 Qc6 22. f5 Qxf3 23. Rxf3 gxf5 24. Rxf5 Re2 25. Rd5 Rae8 26. Nf3 Rxb2 27.
Nxd4 Rxa2 28. Rxd6 Rd2 29. Nf3 Rxd6 30. Rxd6 Rc8 31. Ng5 Be5 32. Rd7 Rxc4 33.
g3 h6 34. Nf7 Rc7 1-0

[Event "SR 2. liga A 2002/2003"]
[Site "?"]
[Date "2002.10.13"]
[Round "2.2"]
[White "Smolen, Jan"]
[Black "Janos, Martin"]
[Result "1-0"]
[WhiteElo "2246"]
[BlackElo "2175"]
[PlyCount "117"]
[EventDate "2002.??.??"]

1. e4 e6 2. Qe2 c5 3. d3 Nc6 4. Nf3 d6 5. g3 e5 6. Bg2 Be7 7. h3 Nf6 8. O-O O-O
9. Be3 Nd4 10. Nxd4 cxd4 11. Bd2 Bd7 12. c3 Qb6 13. Na3 Qa6 14. cxd4 exd4 15.
Bb4 Rfe8 16. Qd2 d5 17. exd5 Bf5 18. Bxe7 Rxe7 19. Qb4 Rae8 20. Qxd4 Bxd3 21.
Rfd1 Be4 22. d6 Rd7 23. Bf1 Qa5 24. Bb5 Bc6 25. Bxc6 bxc6 26. Nc4 Qf5 27. Re1
Red8 28. Kh2 c5 29. Qe3 h6 30. Rad1 Ne8 31. Qxe8+ Rxe8 32. Rxe8+ Kh7 33. Rd2
Qf6 34. Kg1 g6 35. Re5 Kg7 36. Rxc5 Qe6 37. Kh2 h5 38. h4 Kf6 39. Ne5 Rxd6 40.
Rxd6 Qxd6 41. Rc6 Kxe5 42. Rxd6 Kxd6 43. Kg2 Ke5 44. Kf3 Kd4 45. Ke2 Ke4 46.
f3+ Kd4 47. Kd2 f6 48. a4 Kc4 49. Kc2 g5 50. b3+ Kd4 51. Kd2 gxh4 52. gxh4 f5
53. a5 Kd5 54. Kc3 Kc5 55. b4+ Kd5 56. f4 Ke4 57. b5 Kd5 58. b6 axb6 59. axb6
1-0

[Event "SR 2. liga A 2002/2003"]
[Site "?"]
[Date "2002.10.13"]
[Round "2.3"]
[White "Abel, Peter"]
[Black "Felcir, Jaroslav"]
[Result "1/2-1/2"]
[WhiteElo "2218"]
[BlackElo "2216"]
[PlyCount "122"]
[EventDate "2002.??.??"]

1. c4 e5 2. Nc3 Nf6 3. Nf3 Nc6 4. e3 d6 5. d4 g6 6. dxe5 Nxe5 7. Nxe5 dxe5 8.
Qxd8+ Kxd8 9. b3 c6 10. Bb2 Bg7 11. Be2 Kc7 12. Na4 Ne8 13. O-O e4 14. Bxg7
Nxg7 15. Nc3 f5 16. Rfd1 Ne6 17. Rac1 Rd8 18. Nd5+ Kb8 19. Nf6 Rh8 20. Nd7+ Kc7
21. Ne5 Rd8 22. h4 Nf8 23. Rxd8 Kxd8 24. g4 Ke7 25. gxf5 Bxf5 26. Rd1 Rd8 27.
Rxd8 Kxd8 28. Kf1 Ke7 29. c5 Be6 30. Nc4 Bxc4 31. Bxc4 Nd7 32. b4 Ne5 33. Bb3
a5 34. bxa5 Nd3 35. Bc2 Nxc5 36. Kg2 Kf6 37. Kg3 Ke5 38. Kg4 h6 39. f3 exf3 40.
Kxf3 Kf6 41. Kf4 g5+ 42. hxg5+ hxg5+ 43. Kg4 Nd7 44. Bb3 Ne5+ 45. Kh5 Nd3 46.
Bc4 Nb4 47. Bb3 Nd5 48. Bc4 Nb4 49. Bb3 Kf5 50. a3 Nd3 51. Bc4 Nc5 52. Bf7 Ke4
53. Kxg5 Kxe3 54. Kf6 Kd4 55. Ke7 Ne4 56. Kd7 Kc5 57. Kc7 Kb5 58. Be8 Nc5 59.
a6 Kxa6 60. Bxc6 bxc6 61. Kxc6 Ka5 1/2-1/2

[Event "SR 2. liga A 2002/2003"]
[Site "?"]
[Date "2002.10.13"]
[Round "2.3"]
[White "Fabry, Robert"]
[Black "Janos, Jozef"]
[Result "1/2-1/2"]
[WhiteElo "2210"]
[BlackElo "2185"]
[PlyCount "75"]
[EventDate "2002.??.??"]

1. e4 c5 2. Nf3 d6 3. d4 cxd4 4. Nxd4 Nf6 5. Nc3 g6 6. Be2 Bg7 7. Be3 O-O 8.
O-O Nc6 9. h3 d5 10. exd5 Nxd5 11. Nxd5 Nxd4 12. Bxd4 Qxd5 13. Bxg7 Qxd1 14.
Raxd1 Kxg7 15. Bf3 Bf5 16. Rfe1 Kf6 17. Be4 Be6 18. b3 Rac8 19. c4 b6 20. Kf1
Rfd8 21. Ke2 Bf5 22. Ke3 e5 23. Bd5 b5 24. Bb7 Rxd1 25. Rxd1 Rc7 26. Ba6 bxc4
27. Bxc4 Be6 28. Rd6 Ke7 29. Ra6 Bxc4 30. bxc4 Rxc4 31. Rxa7+ Ke6 32. a4 Rc3+
33. Kd2 Ra3 34. a5 Ra2+ 35. Ke3 Ra3+ 36. Kd2 Ra2+ 37. Ke3 Ra4 38. Ra8 1/2-1/2

[Event "SR 2. liga A 2002/2003"]
[Site "?"]
[Date "2002.10.13"]
[Round "2.3"]
[White "Hartl, Jan"]
[Black "Kubis, Ivan"]
[Result "1-0"]
[WhiteElo "2154"]
[BlackElo "2105"]
[PlyCount "49"]
[EventDate "2002.??.??"]

1. e4 e5 2. Nf3 Nc6 3. Bc4 Nf6 4. d4 exd4 5. O-O Nxe4 6. Re1 d5 7. Bxd5 Qxd5 8.
Nc3 Qa5 9. Nxe4 Be6 10. Neg5 O-O-O 11. Nxe6 fxe6 12. Rxe6 Bd6 13. Qe2 Kd7 $2
14. Bd2 Qh5 $4 15. Re1 $2 (15. Ne5+ $1) 15... Rde8 $2 16. Ne5+ Bxe5 17. Qxh5
Rxe6 18. Qf7+ Re7 19. Qf5+ Kd6 20. b4 a6 21. a4 b5 22. axb5 axb5 23. f4 Bf6 24.
Qc5+ Kd7 25. Qd5+ 1-0

[Event "SR 2. liga A 2002/2003"]
[Site "?"]
[Date "2002.10.13"]
[Round "2.3"]
[White "Kubovic, Ladislav"]
[Black "Szollos, Ondrej"]
[Result "1/2-1/2"]
[WhiteElo "2147"]
[BlackElo "2099"]
[PlyCount "130"]
[EventDate "2002.??.??"]

1. e4 d6 2. d4 c6 3. f4 Qc7 4. Nf3 Bg4 5. Nc3 Nd7 6. Bc4 e6 7. Be2 Bxf3 8. Bxf3
e5 9. d5 exf4 10. Bxf4 Ne5 11. dxc6 bxc6 12. Qd4 Nf6 13. Be2 Be7 14. O-O O-O
15. Kh1 Rab8 16. b3 Ng6 17. Be3 a5 18. a3 Nd7 19. Rae1 Bf6 20. Qd2 Rbe8 21. Bd4
Nde5 22. b4 Re6 23. Nd1 axb4 24. axb4 c5 25. bxc5 dxc5 26. Bc3 h6 27. Qc1 Qc6
28. Bf3 Nxf3 29. gxf3 Bd4 30. Qa1 Ra8 31. Qb2 Qa4 32. Bxd4 cxd4 33. Qb7 Qc6 34.
Qb2 Qc5 35. Nf2 Rb6 36. Qc1 Ra2 37. Re2 Rc6 38. Nd3 Qc3 39. Qe1 Rc5 40. Qf2
Rxc2 41. Rxc2 Qxc2 42. Qxc2 Rxc2 43. Rd1 f6 44. Kg1 Kf7 45. Ne1 Re2 46. Ng2 Ne5
47. Kf1 Ra2 48. Rxd4 Nxf3 49. Rd7+ Ke6 50. Rxg7 Nxh2+ 51. Ke1 Nf3+ 52. Kd1 Ng5
53. Nf4+ Ke5 54. Ne2 Nxe4 55. Rh7 Nf2+ 56. Ke1 Ng4 57. Kf1 Kf5 58. Rg7 Rxe2 59.
Kxe2 Kf4 60. Ra7 Kg3 61. Ra3+ Kg2 62. Ra4 h5 63. Rf4 Kg3 64. Rf3+ Kg2 65. Rf4
Kg1 1/2-1/2

[Event "SR 2. liga A 2002/2003"]
[Site "?"]
[Date "2002.10.13"]
[Round "2.3"]
[White "Labar, Eduard"]
[Black "Kovacocy, Pavel"]
[Result "0-1"]
[WhiteElo "2049"]
[BlackElo "2230"]
[PlyCount "148"]
[EventDate "2002.??.??"]

1. d4 Nf6 2. Nf3 g6 3. Bg5 Ne4 4. Bh4 Bg7 5. Nbd2 d5 6. e3 c5 7. c3 cxd4 8.
exd4 Nd6 9. Bd3 Bf5 10. Bxf5 Nxf5 11. Bg5 Qd6 12. g4 Qe6+ 13. Qe2 Qxe2+ 14.
Kxe2 Nh6 15. h3 Nc6 16. Rhe1 Ng8 17. Kf1 h5 18. Kg2 hxg4 19. hxg4 Nf6 20. Bxf6
Bxf6 21. Re2 e6 22. Rh1 Rxh1 23. Kxh1 O-O-O 24. Nb3 Be7 25. Nc1 b5 26. a3 Bd6
27. Nd3 Kd7 28. Nfe5+ Nxe5 29. Nxe5+ Bxe5 30. Rxe5 a5 31. Re3 Rb8 32. Kg2 Kc6
33. f4 Kd6 34. Rh3 Rc8 35. Kf2 b4 36. axb4 axb4 37. Ke2 bxc3 38. bxc3 Ra8 39.
g5 Ra2+ 40. Ke3 Rc2 41. Kd3 Rf2 42. Ke3 Rg2 43. Rf3 Rh2 44. Rf1 Rh3+ 45. Kd2
Kc6 46. Kc2 Kd6 47. Kd2 Ke7 48. Rf2 f6 49. gxf6+ Kxf6 50. Rf1 Rg3 51. Rf2 Kf5
52. Rf1 Rg4 53. Ke3 Rg2 54. Kd3 Rh2 55. Ke3 Rc2 56. Kd3 Rg2 57. Rf3 Kg4 58. Rf1
Rg3+ 59. Kd2 Rf3 60. Rg1+ Kf5 61. Rg5+ Kf6 62. Rg4 Kf7 63. Rh4 Kg7 64. Kc2 Rg3
65. Kd2 Kf6 66. Rh8 Rf3 67. Rf8+ Ke7 68. Rg8 Kf7 69. Rd8 Rxf4 70. Ke3 Rf1 71.
c4 dxc4 72. d5 Ke7 73. Rg8 exd5 74. Rxg6 Rd1 0-1

[Event "SR 2. liga A 2002/2003"]
[Site "?"]
[Date "2002.10.13"]
[Round "2.3"]
[White "Machalova, Veronika"]
[Black "Bisco, Igor"]
[Result "1-0"]
[WhiteElo "2146"]
[BlackElo "2120"]
[PlyCount "117"]
[EventDate "2002.??.??"]

1. e4 e5 2. Nf3 Nc6 3. Bb5 a6 4. Ba4 Nf6 5. O-O Be7 6. Re1 b5 7. Bb3 d6 8. c3
O-O 9. h3 Bb7 10. d3 Na5 11. Bc2 c5 12. Nbd2 Re8 13. Nf1 Bf8 14. Ng3 g6 15. d4
Bg7 16. d5 Bc8 17. Nh2 Bd7 18. Bd3 c4 19. Bc2 Nb7 20. Be3 h6 21. Qd2 Kh7 22.
Kh1 Ng8 23. Rf1 Qh4 24. Nf3 Qe7 25. Nh2 Rf8 26. f4 exf4 27. Bxf4 Nc5 28. Rae1
Na4 29. Nf3 Nxb2 30. e5 b4 31. cxb4 Rac8 32. exd6 Qd8 33. Be5 c3 34. Qf2 Bb5
35. Ne2 Bd3 36. Bxg7 Kxg7 37. Qd4+ Qf6 38. Bxd3 Qxd4 39. Nfxd4 Nxd3 40. Rd1
Nxb4 41. d7 Rc7 42. Ne6+ fxe6 43. Rxf8 Rxd7 44. Rb8 c2 45. Rc1 Nxd5 46. Rxc2
Ne3 47. Rc1 e5 48. Rc3 Nf5 49. Rc5 Rd2 50. Rxe5 Kf6 51. Re4 Rxa2 52. Rb6+ Kf7
53. Rb7+ Nge7 54. g4 Rxe2 55. Rbxe7+ Nxe7 56. Rxe2 Nc6 57. Ra2 a5 58. Rc2 Nd4
59. Rc4 {dalsi priebeh partie superi pre obojstrannu casovu tiesen nezapisali}
1-0

[Event "SR 2. liga A 2002/2003"]
[Site "?"]
[Date "2002.10.13"]
[Round "2.4"]
[White "Kovarik, Oto"]
[Black "Sukuba, Zdeno"]
[Result "1/2-1/2"]
[WhiteElo "2103"]
[BlackElo "2108"]
[PlyCount "85"]
[EventDate "2002.??.??"]

1. e4 c6 2. d4 d5 3. exd5 cxd5 4. Nf3 Nc6 5. Bd3 Bg4 6. c3 e6 7. Bf4 Bd6 8.
Bxd6 Qxd6 9. Nbd2 Nge7 10. O-O O-O 11. Re1 Rab8 12. Nf1 b5 13. Ng3 Qf4 14. Qd2
Qxd2 15. Nxd2 b4 16. h3 Bf5 17. Nxf5 Nxf5 18. Bxf5 exf5 19. Nb3 bxc3 20. bxc3
Rfe8 21. Rxe8+ Rxe8 22. Kf1 f6 23. Re1 Kf7 24. Rxe8 Kxe8 25. Ke2 Kd7 26. Kd3
Kd6 27. a3 g5 28. c4 Ne7 29. c5+ Kc6 30. a4 Ng6 31. g3 h5 32. Nc1 f4 33. g4
hxg4 34. hxg4 Nh4 35. Na2 a5 36. Nc1 Kb7 37. Nb3 Ka6 38. c6 Kb6 39. Nxa5 f5 40.
c7 Kxc7 41. gxf5 Nxf5 42. Nb3 g4 43. Ke2 1/2-1/2

[Event "SR 2. liga A 2002/2003"]
[Site "?"]
[Date "2002.10.13"]
[Round "2.4"]
[White "Minich, Peter"]
[Black "Seitler, Andrej"]
[Result "1/2-1/2"]
[WhiteElo "2212"]
[BlackElo "2149"]
[PlyCount "120"]
[EventDate "2002.??.??"]

1. c4 e6 2. Nc3 d5 3. d4 Nf6 4. Nf3 c6 5. e3 Bd6 6. Bd3 Nbd7 7. O-O O-O 8. Re1
Qc7 9. cxd5 exd5 10. Bd2 Re8 11. Qc2 Nf8 12. h3 Bd7 13. a3 Rac8 14. b4 a6 15.
e4 dxe4 16. Nxe4 Nxe4 17. Bxe4 Ng6 18. Bc3 Be6 19. Bb2 Be7 20. Ne5 Qd6 21. Rad1
Bd5 22. Bf5 Rcd8 23. Ng4 Nf8 24. Bc1 Be6 25. Ne3 Bf6 26. Bb2 Bxf5 27. Nxf5 Qd5
28. Rxe8 Rxe8 29. Ne3 Qe4 30. Qxe4 Rxe4 31. Ba1 h5 32. Kf1 Ng6 33. Ke2 Re8 34.
g3 h4 35. Kd3 hxg3 36. fxg3 Bg5 37. Nc4 Rd8 38. Re1 Kf8 39. Bb2 Bf6 40. Re4 Ne7
41. g4 Nd5 42. Bc1 Rd7 43. g5 Bd8 44. h4 g6 45. Ne5 Rd6 46. Bf4 Re6 47. Bg3 Kg7
48. Nd7 Rxe4 49. Kxe4 f5+ 50. gxf6+ Nxf6+ 51. Nxf6 Bxf6 52. Be5 Kf7 53. Bxf6
Kxf6 54. Kf4 Ke6 55. Kg5 Kf7 56. a4 b5 57. a5 Kg7 58. Kg4 Kf6 59. Kf4 Ke6 60.
Kg5 Kf7 1/2-1/2

[Event "SR 2. liga A 2002/2003"]
[Site "?"]
[Date "2002.10.13"]
[Round "2.4"]
[White "Sarmir, Milos"]
[Black "Stefan, Oldrich"]
[Result "1-0"]
[WhiteElo "2149"]
[BlackElo "2050"]
[PlyCount "58"]
[EventDate "2002.??.??"]

1. e4 c5 2. Nf3 d6 3. d4 cxd4 4. Nxd4 Nf6 5. Bd3 Nc6 6. c3 e5 7. Nb3 d5 8. exd5
Nxd5 9. O-O Be7 10. Qc2 Nf6 11. N1d2 O-O 12. Ne4 Nxe4 13. Bxe4 f5 14. Rd1 Qc7
15. Bd5+ Kh8 16. Qe2 b6 17. Bxc6 Qxc6 18. Qxe5 Bb7 19. f3 Rab8 20. Qg3 Rf6 21.
Nd4 Bc5 22. Bf4 Rg6 23. Qf2 Qxf3 24. Nxf3 Bxf3 25. Rd4 Rxg2+ 26. Qxg2 Bxg2 27.
Kxg2 Bxd4 28. cxd4 Rd8 29. Be5 Kg8 1-0